[Event "XXIII OPEN INTERNACIONAL ESCACS DE TORREDEMBARRA"]
[Site "Torredembarra"]
[Date "2023.07.07"]
[Round "7.1"]
[White "Torrecillas Martinez, Antonio"]
[Black "Mateos Rozas, Miguel Angel"]
[Result "1-0"]
[TimeControl "90'+30\""]
[WhiteTitle "IM"]
[BlackTitle "CM"]
[WhiteFideId "2200392"]
[BlackFideId "2272679"]
[WhiteElo "2362"]
[BlackElo "2203"]

1. e4 {[%clk 01:30:59]} {[%emt 00:03:45]} c5 {[%clk 01:30:45]} {[%emt
00:00:15]} 2. Nf3 {[%clk 01:31:25]} {[%emt 00:00:05]} Nc6 {[%clk 01:30:54]}
{[%emt 00:00:21]} 3. d4 {[%clk 01:31:42]} {[%emt 00:00:13]} cxd4 {[%clk
01:31:16]} {[%emt 00:00:08]} 4. Nxd4 {[%emt 00:00:16]} g6 {[%clk 01:31:30]}
{[%emt 00:00:03]} 5. c4 {[%emt 00:00:42]} Bg7 {[%clk 01:31:35]} {[%emt
00:00:09]} 6. Be3 {[%clk 01:32:32]} {[%emt 00:00:09]} Nf6 {[%clk 01:31:41]}
{[%emt 00:00:24]} 7. Nc3 {[%clk 01:32:57]} {[%emt 00:00:07]} Ng4 {[%clk
01:31:57]} {[%emt 00:00:13]} 8. Qxg4 {[%clk 01:33:08]} {[%emt 00:00:19]} Nxd4
{[%clk 01:32:20]} {[%emt 00:00:07]} 9. Qd1 {[%emt 00:00:18]} Ne6 {[%clk
01:32:08]} {[%emt 00:00:30]} 10. Rc1 {[%clk 01:33:36]} {[%emt 00:00:26]} O-O
{[%clk 01:32:27]} {[%emt 00:00:10]} 11. Qd2 {[%clk 01:33:28]} {[%emt 00:00:39]}
d6 {[%clk 01:32:27]} {[%emt 00:00:30]} 12. Be2 {[%clk 01:33:42]} {[%emt
00:00:16]} Bd7 {[%clk 01:32:08]} {[%emt 00:00:49]} 13. O-O {[%clk 01:33:39]}
{[%emt 00:00:33]} Bc6 {[%clk 01:32:25]} {[%emt 00:00:12]} 14. f3 {[%emt
00:00:44]} a5 {[%clk 01:31:51]} {[%emt 00:00:48]} 15. b3 {[%clk 01:32:38]}
{[%emt 00:01:34]} Nc5 {[%emt 00:08:45]} 16. Rc2 {[%emt 00:02:13]} Qd7 {[%emt
00:08:03]} 17. Rb1 {[%emt 00:11:56]} f5 {[%emt 00:09:37]} 18. exf5 {[%clk
01:11:20]} {[%emt 00:00:50]} gxf5 {[%clk 01:14:05]} {[%emt 00:01:11]} 19. a3
{[%clk 01:03:17]} {[%emt 00:08:33]} f4 {[%emt 00:09:16]} 20. Bf2 {[%emt
00:01:50]} a4 {[%emt 00:02:24]} 21. b4 {[%clk 00:56:33]} {[%emt 00:01:41]} Nb3
{[%emt 00:01:32]} 22. Qd1 {[%emt 00:06:05]} Qf5 {[%emt 00:06:43]} 23. Bd3
{[%emt 00:01:17]} Qg5 {[%emt 00:05:18]} 24. b5 {[%emt 00:03:12]} Bd7 {[%clk
01:04:46]} {[%emt 00:00:27]} 25. Be4 {[%emt 00:01:52]} Bf5 {[%emt 00:11:21]} 26.
Bxf5 {[%emt 00:02:52]} Rxf5 {[%emt 00:04:00]} 27. Nxa4 {[%clk 00:25:15]} {[%emt
00:03:15]} Rxa4 {[%clk 00:56:00]} {[%emt 00:01:33]} 28. Rxb3 {[%clk 00:25:35]}
{[%emt 00:00:10]} Qg6 {[%emt 00:03:06]} 29. Bd4 {[%emt 00:04:44]} Rd5 {[%clk
00:55:07]} {[%emt 00:00:30]} 30. cxd5 {[%emt 00:01:25]} Bxd4+ {[%emt 00:01:28]}
31. Kh1 {[%clk 00:18:12]} {[%emt 00:00:25]} Be3 {[%emt 00:02:54]} 32. Qd3
{[%clk 00:12:41]} {[%emt 00:03:41]} Qf6 {[%clk 00:54:52]} {[%emt 00:00:18]} 33.
Qc3 {[%clk 00:12:42]} {[%emt 00:00:28]} Rd4 {[%emt 00:00:38]} 34. Rb1 {[%emt
00:01:01]} Kf7 {[%emt 00:05:18]} 35. Qc8 {[%clk 00:08:21]} {[%emt 00:00:11]}
Rxd5 {[%clk 00:53:19]} {[%emt 00:01:30]} 36. Qxb7 {[%clk 00:07:22]} {[%emt
00:01:17]} Rh5 {[%emt 00:01:16]} 37. Qc8 {[%emt 00:04:09]} Qg6 {[%emt
00:04:13]} 38. Rd1 {[%emt 00:08:06]} Qg3 {[%emt 00:01:24]} 39. h3 {[%clk
00:03:37]} {[%emt 00:00:07]} Rd5 {[%emt 00:00:39]} 40. Qc4 {[%clk 00:03:12]}
{[%emt 00:00:25]} e6 {[%clk 00:41:38]} {[%emt 00:00:02]} 41. Qf1 {[%emt
00:01:37]} Rh5 {[%emt 00:08:43]} 42. Rc7+ {[%clk 00:03:03]} {[%emt 00:00:14]}
Kf6 {[%clk 00:33:07]} {[%emt 00:00:06]} 43. Rxd6 {[%clk 00:02:38]} {[%emt
00:00:55]} Bf2 {[%clk 00:33:01]} {[%emt 00:00:37]} 44. Qa1+ {[%clk 00:02:51]}
{[%emt 00:00:17]} Re5 {[%clk 00:33:10]} {[%emt 00:00:21]} 45. Rf7+ {[%clk
00:02:24]} {[%emt 00:00:56]} Kxf7 {[%clk 00:33:31]} {[%emt 00:00:11]} 46. Qxe5
{[%clk 00:02:50]} {[%emt 00:00:03]} Qg6 {[%clk 00:33:47]} {[%emt 00:00:14]} 47.
Rd7+ {[%clk 00:02:24]} {[%emt 00:00:56]} Ke8 {[%clk 00:34:05]} {[%emt
00:00:12]} 48. Rd1 {[%clk 00:02:47]} {[%emt 00:00:07]} 1-0

[Event "XXIII OPEN INTERNACIONAL ESCACS DE TORREDEMBARRA"]
[Site "Torredembarra"]
[Date "2023.07.07"]
[Round "7.2"]
[White "Serra Canals, Oriol"]
[Black "Lacasa Diaz, Jose Antonio"]
[Result "0-1"]
[TimeControl "90'+30\""]
[BlackTitle "IM"]
[WhiteFideId "22276084"]
[BlackFideId "2203375"]
[WhiteElo "2190"]
[BlackElo "2360"]

1. d4 {[%clk 01:28:42]} {[%emt 00:02:17]} d5 {[%clk 01:30:43]} {[%emt
00:00:17]} 2. c4 {[%clk 01:29:02]} {[%emt 00:00:10]} e6 {[%clk 01:31:05]}
{[%emt 00:00:08]} 3. Nf3 {[%emt 00:01:04]} a6 {[%emt 00:01:22]} 4. Nc3 {[%emt
00:01:01]} dxc4 {[%emt 00:07:31]} 5. Bg5 {[%emt 00:23:23]} f6 {[%emt 00:01:56]}
6. Bf4 {[%clk 01:16:12]} {[%emt 00:03:28]} Bb4 {[%clk 01:07:06]} {[%emt
00:10:12]} 7. e4 {[%clk 01:02:38]} {[%emt 00:04:55]} b5 {[%clk 01:05:50]}
{[%emt 00:01:47]} 8. Be2 {[%clk 01:00:20]} {[%emt 00:02:49]} Bb7 {[%clk
01:05:55]} {[%emt 00:00:24]} 9. Qc2 {[%emt 00:09:53]} Ne7 {[%emt 00:02:03]} 10.
O-O {[%emt 00:04:04]} O-O {[%emt 00:02:47]} 11. Rad1 {[%emt 00:17:11]} Bxc3
{[%clk 00:37:34]} {[%emt 00:01:53]} 12. bxc3 {[%clk 00:54:06]} Nd7 {[%emt
00:07:40]} 13. Bc1 {[%emt 00:05:55]} Re8 {[%emt 00:02:38]} 14. Ba3 {[%emt
00:02:34]} Qc8 {[%emt 00:06:16]} 15. e5 {[%clk 00:35:33]} {[%emt 00:09:40]} Nd5
16. g3 {[%emt 00:04:35]} f5 {[%clk 00:21:17]} {[%emt 00:00:17]} 17. Bc1 {[%clk
00:30:31]} {[%emt 00:05:32]} N7b6 {[%emt 00:01:58]} 18. g4 {[%emt 00:02:55]}
Qd7 {[%emt 00:05:49]} 19. gxf5 {[%clk 00:23:40]} {[%emt 00:00:04]} exf5 {[%clk
00:19:47]} {[%emt 00:00:06]} 20. Nh4 {[%clk 00:22:45]} {[%emt 00:01:25]} g6
{[%emt 00:01:29]} 21. f4 {[%clk 00:22:36]} {[%emt 00:00:10]} Qe7 {[%emt
00:03:00]} 22. Nf3 {[%emt 00:04:15]} Bc6 {[%emt 00:01:13]} 23. Kf2 {[%clk
00:18:40]} {[%emt 00:00:07]} Na4 {[%clk 00:16:31]} {[%emt 00:00:36]} 24. Bd2
{[%emt 00:01:50]} Nf6 {[%emt 00:00:17]} 25. Ng5 {[%emt 00:04:25]} Ne4+ {[%clk
00:15:02]} {[%emt 00:00:27]} 26. Nxe4 {[%clk 00:15:38]} {[%emt 00:00:05]} Bxe4
{[%clk 00:15:06]} {[%emt 00:00:27]} 27. Bxc4+ {[%emt 00:01:09]} bxc4 {[%clk
00:14:15]} {[%emt 00:00:29]} 28. Qxa4 {[%clk 00:16:16]} {[%emt 00:00:05]} Qh4+
{[%emt 00:01:14]} 29. Kg1 {[%emt 00:03:55]} Qg4+ {[%clk 00:11:44]} {[%emt
00:00:16]} 30. Kf2 {[%emt 00:00:14]} Qg2+ {[%emt 00:01:58]} 31. Ke3 {[%emt
00:00:31]} Qh3+ {[%clk 00:11:25]} {[%emt 00:00:05]} 32. Ke2 {[%emt 00:02:26]}
Bd3+ {[%clk 00:11:36]} {[%emt 00:00:17]} 33. Kf2 {[%emt 00:00:11]} Qxh2+ {[%clk
00:11:02]} {[%emt 00:00:58]} 34. Kf3 {[%emt 00:00:42]} Be4+ {[%emt 00:00:38]}
0-1

[Event "XXIII OPEN INTERNACIONAL ESCACS DE TORREDEMBARRA"]
[Site "Torredembarra"]
[Date "2023.07.07"]
[Round "7.3"]
[White "Ano Pla, Gerard"]
[Black "Jimenez Ruano, Adrian"]
[Result "1/2-1/2"]
[TimeControl "90'+30\""]
[BlackTitle "FM"]
[WhiteFideId "24560561"]
[BlackFideId "22276050"]
[WhiteElo "2179"]
[BlackElo "2250"]

1. d4 {[%clk 01:30:57]} {[%emt 00:00:02]} Nf6 {[%clk 01:28:42]} {[%emt
00:02:19]} 2. Bg5 {[%clk 01:31:12]} {[%emt 00:00:14]} d5 {[%clk 01:25:09]}
{[%emt 00:04:04]} 3. e3 {[%clk 01:31:29]} {[%emt 00:00:13]} e6 {[%clk
01:19:30]} {[%emt 00:06:10]} 4. Nd2 {[%clk 01:30:48]} {[%emt 00:01:09]} Be7
{[%clk 01:18:45]} {[%emt 00:01:14]} 5. Bd3 {[%clk 01:30:27]} {[%emt 00:00:52]}
c5 {[%clk 01:17:01]} {[%emt 00:02:15]} 6. c3 {[%clk 01:26:49]} {[%emt
00:04:08]} Qc7 {[%clk 01:13:12]} {[%emt 00:04:18]} 7. Ngf3 {[%clk 01:26:14]}
{[%emt 00:01:05]} Nbd7 {[%clk 01:13:24]} {[%emt 00:00:19]} 8. O-O {[%clk
01:25:51]} {[%emt 00:00:53]} O-O {[%clk 01:13:25]} {[%emt 00:00:30]} 9. Re1
{[%clk 01:14:35]} {[%emt 00:11:45]} Re8 {[%clk 01:11:14]} {[%emt 00:02:41]} 10.
Qc2 {[%clk 01:13:16]} {[%emt 00:01:49]} h6 {[%clk 01:05:20]} {[%emt 00:06:24]}
11. Bf4 {[%clk 01:05:34]} {[%emt 00:08:11]} Bd6 {[%clk 01:04:39]} {[%emt
00:01:12]} 12. Bxd6 {[%clk 01:05:15]} {[%emt 00:00:49]} Qxd6 {[%clk 01:05:07]}
{[%emt 00:00:01]} 13. e4 {[%clk 01:05:20]} {[%emt 00:00:26]} dxe4 {[%clk
01:05:00]} {[%emt 00:00:37]} 14. Nxe4 {[%clk 01:05:20]} {[%emt 00:00:29]} Nxe4
{[%clk 01:01:21]} {[%emt 00:04:08]} 15. Bxe4 {[%clk 01:05:41]} {[%emt
00:00:09]} cxd4 {[%clk 00:50:13]} {[%emt 00:11:39]} 16. Nxd4 {[%clk 01:02:06]}
{[%emt 00:04:05]} Nf6 {[%clk 00:46:46]} {[%emt 00:03:56]} 17. Nf3 {[%clk
00:58:01]} {[%emt 00:04:35]} e5 {[%clk 00:41:28]} {[%emt 00:05:49]} 18. Rad1
{[%clk 00:56:56]} {[%emt 00:01:34]} Qc7 {[%clk 00:40:59]} {[%emt 00:00:59]} 19.
c4 {[%clk 00:44:13]} {[%emt 00:13:12]} Bg4 {[%clk 00:38:29]} {[%emt 00:03:00]}
20. h3 {[%clk 00:36:48]} {[%emt 00:07:55]} Bh5 {[%clk 00:38:03]} {[%emt
00:00:56]} 21. b3 {[%clk 00:36:44]} {[%emt 00:00:34]} Re7 {[%clk 00:33:52]}
{[%emt 00:04:40]} 22. Rd2 {[%clk 00:35:47]} {[%emt 00:01:28]} Rae8 {[%clk
00:32:57]} {[%emt 00:01:26]} 23. Nh4 {[%clk 00:35:45]} {[%emt 00:00:32]} Nxe4
{[%clk 00:30:00]} {[%emt 00:03:27]} 24. Qxe4 {[%clk 00:35:37]} {[%emt
00:00:37]} Re6 {[%clk 00:26:11]} {[%emt 00:04:20]} 25. b4 {[%clk 00:27:19]}
{[%emt 00:08:47]} b6 {[%clk 00:22:47]} {[%emt 00:03:54]} 26. Rd5 {[%clk
00:25:01]} {[%emt 00:02:48]} Qe7 {[%clk 00:18:34]} {[%emt 00:04:44]} 27. c5
{[%clk 00:23:11]} {[%emt 00:02:20]} bxc5 {[%clk 00:14:31]} {[%emt 00:04:32]} 28.
bxc5 {[%clk 00:23:40]} {[%emt 00:00:01]} Qb7 {[%clk 00:13:41]} {[%emt
00:01:20]} 29. g4 {[%clk 00:21:04]} {[%emt 00:03:06]} Bg6 {[%clk 00:13:42]}
{[%emt 00:00:28]} 30. Nxg6 {[%clk 00:21:30]} {[%emt 00:00:05]} fxg6 {[%clk
00:14:02]} {[%emt 00:00:10]} 31. Rd2 {[%clk 00:17:35]} {[%emt 00:04:25]} Qc7
{[%clk 00:11:14]} {[%emt 00:03:18]} 32. Rc1 {[%clk 00:16:59]} {[%emt 00:01:06]}
Kh7 {[%clk 00:10:52]} {[%emt 00:00:52]} 33. c6 {[%clk 00:17:10]} {[%emt
00:00:19]} Rc8 {[%clk 00:11:01]} {[%emt 00:00:21]} 34. Rdc2 {[%clk 00:16:09]}
{[%emt 00:01:31]} Rf6 {[%clk 00:06:29]} {[%emt 00:05:02]} 35. Rc5 {[%clk
00:12:56]} {[%emt 00:03:42]} Qb6 {[%clk 00:03:14]} {[%emt 00:03:46]} 36. Qc2
{[%clk 00:09:57]} {[%emt 00:03:28]} Rc7 {[%clk 00:02:15]} {[%emt 00:01:29]} 37.
Qb3 {[%clk 00:10:05]} {[%emt 00:00:22]} Rcxc6 {[%clk 00:01:03]} {[%emt
00:01:42]} 38. Qxb6 {[%clk 00:09:04]} {[%emt 00:01:31]} Rxb6 {[%clk 00:00:48]}
{[%emt 00:00:45]} 39. Rxe5 {[%clk 00:09:19]} {[%emt 00:00:14]} Rb2 {[%clk
00:00:55]} {[%emt 00:00:24]} 40. Rc7 {[%clk 00:09:14]} {[%emt 00:00:35]} Rfxf2
{[%clk 00:00:56]} {[%emt 00:00:29]} 41. Ree7 {[%clk 00:09:35]} {[%emt
00:00:09]} Rg2+ {[%clk 00:00:40]} {[%emt 00:00:46]} 42. Kh1 {[%clk 00:08:57]}
{[%emt 00:01:07]} Rh2+ {[%clk 00:00:48]} {[%emt 00:00:22]} 43. Kg1 {[%clk
00:09:22]} {[%emt 00:00:05]} Rhg2+ {[%clk 00:01:05]} {[%emt 00:00:14]} 44. Kf1
{[%clk 00:09:47]} {[%emt 00:00:05]} Rbf2+ {[%clk 00:01:06]} {[%emt 00:00:29]}
45. Ke1 {[%clk 00:10:11]} {[%emt 00:00:06]} Rxa2 {[%clk 00:01:18]} {[%emt
00:00:19]} 46. Rxg7+ {[%clk 00:10:34]} {[%emt 00:00:06]} Kh8 {[%clk 00:01:46]}
{[%emt 00:00:02]} 47. Rh7+ {[%clk 00:10:56]} {[%emt 00:00:08]} Kg8 {[%clk
00:02:13]} {[%emt 00:00:03]} 48. Rhg7+ {[%clk 00:11:21]} {[%emt 00:00:05]} Kh8
{[%clk 00:02:28]} {[%emt 00:00:15]} 49. Rh7+ {[%clk 00:11:46]} {[%emt
00:00:05]} 1/2-1/2

[Event "XXIII OPEN INTERNACIONAL ESCACS DE TORREDEMBARRA"]
[Site "Torredembarra"]
[Date "2023.07.07"]
[Round "7.4"]
[White "Aloma Vidal, Robert"]
[Black "Ferreruela Romero, Jose Joaquin"]
[Result "1-0"]
[TimeControl "90'+30\""]
[WhiteTitle "IM"]
[WhiteFideId "2260409"]
[BlackFideId "2267918"]
[WhiteElo "2446"]
[BlackElo "1875"]

1. g3 {[%emt 00:15:47]} d5 {[%clk 01:15:08]} {[%emt 00:00:07]} 2. Nf3 {[%emt
00:01:15]} Nf6 {[%clk 01:14:10]} {[%emt 00:00:19]} 3. Bg2 {[%emt 00:00:39]} c6
{[%clk 01:13:49]} {[%emt 00:00:17]} 4. O-O {[%clk 01:32:06]} {[%emt 00:00:08]}
Bf5 {[%clk 01:14:06]} {[%emt 00:00:13]} 5. c4 {[%clk 01:32:05]} {[%emt
00:00:32]} e6 {[%clk 01:13:48]} {[%emt 00:00:47]} 6. Qb3 {[%clk 01:32:21]}
{[%emt 00:00:15]} Qb6 {[%clk 01:13:16]} {[%emt 00:01:02]} 7. d3 {[%emt
00:02:24]} Nbd7 {[%clk 01:10:36]} {[%emt 00:01:09]} 8. cxd5 {[%clk 01:32:48]}
{[%emt 00:00:11]} Qxb3 {[%clk 01:10:05]} {[%emt 00:01:01]} 9. axb3 {[%emt
00:00:25]} exd5 {[%clk 01:10:18]} 10. Bd2 {[%emt 00:13:08]} Bd6 {[%emt
00:01:06]} 11. b4 {[%clk 01:30:26]} {[%emt 00:01:15]} a6 {[%emt 00:03:30]} 12.
Bc3 {[%clk 01:30:20]} {[%emt 00:00:16]} O-O {[%clk 00:56:05]} {[%emt 00:00:46]}
13. Nbd2 {[%clk 01:30:00]} {[%emt 00:00:50]} Rfe8 {[%emt 00:00:53]} 14. Nd4
{[%emt 00:01:38]} Bg6 {[%emt 00:00:47]} 15. N2b3 {[%emt 00:08:04]} h6 {[%emt
00:04:43]} 16. Na5 {[%clk 01:21:01]} {[%emt 00:01:24]} Rab8 {[%clk 00:50:55]}
{[%emt 00:00:10]} 17. Rfc1 {[%emt 00:02:25]} Bc7 {[%clk 00:46:42]} {[%emt
00:03:02]} 18. Rc2 {[%clk 01:15:24]} {[%emt 00:05:53]} Bb6 {[%emt 00:04:42]} 19.
Ndb3 {[%emt 00:04:37]} Bh5 {[%emt 00:05:26]} 20. Kf1 {[%emt 00:02:51]} Ng4
{[%emt 00:03:16]} 21. h3 {[%clk 01:04:38]} {[%emt 00:01:16]} Ngf6 {[%emt
00:13:29]} 22. f4 {[%emt 00:16:09]} Bg6 {[%emt 00:02:49]} 23. Bf3 {[%emt
00:04:08]} Nh7 {[%clk 00:28:12]} {[%emt 00:02:19]} 24. Kg2 {[%clk 00:35:39]}
{[%emt 00:03:13]} Nhf8 {[%emt 00:05:54]} 25. Rcc1 {[%emt 00:10:57]} Ne6 {[%clk
00:21:23]} {[%emt 00:01:27]} 26. e4 {[%emt 00:04:37]} Nc7 {[%emt 00:01:08]} 27.
Re1 {[%clk 00:21:32]} {[%emt 00:02:35]} f6 {[%clk 00:18:37]} {[%emt 00:00:33]}
28. Bd4 {[%emt 00:06:58]} Bf7 {[%emt 00:00:42]} 29. Bxb6 {[%clk 00:18:17]}
{[%emt 00:00:36]} Nxb6 {[%clk 00:15:32]} {[%emt 00:00:03]} 30. Nc5 {[%emt
00:01:07]} dxe4 {[%clk 00:14:30]} {[%emt 00:00:53]} 31. dxe4 {[%clk 00:18:41]}
{[%emt 00:00:09]} Nc4 {[%clk 00:13:57]} {[%emt 00:01:03]} 32. Naxb7 {[%clk
00:18:09]} {[%emt 00:01:02]} Nb5 {[%emt 00:03:17]} 33. Rxa6 {[%emt 00:01:51]}
Nxb2 {[%emt 00:01:15]} 34. Rxc6 {[%clk 00:14:53]} {[%emt 00:00:28]} Nd4 {[%clk
00:11:50]} {[%emt 00:01:02]} 35. Rc7 {[%clk 00:14:45]} {[%emt 00:00:38]} Nc4
{[%emt 00:04:25]} 36. Rd7 {[%clk 00:13:12]} {[%emt 00:00:15]} Nc2 {[%emt
00:01:57]} 37. Rc1 {[%clk 00:12:29]} {[%emt 00:00:22]} Ra8 {[%emt 00:03:41]} 38.
Na5 {[%clk 00:08:56]} {[%emt 00:00:41]} N4e3+ {[%clk 00:08:50]} {[%emt
00:00:59]} 39. Kf2 {[%clk 00:08:50]} {[%emt 00:00:36]} Nxb4 {[%emt 00:06:09]}
40. Nab7 {[%clk 00:02:30]} {[%emt 00:00:50]} Nec2 {[%clk 00:08:03]} {[%emt
00:01:38]} 41. Nd6 {[%clk 00:02:31]} {[%emt 00:00:29]} Red8 {[%emt 00:04:13]}
42. Rxd8+ {[%clk 00:01:13]} {[%emt 00:00:30]} Rxd8 {[%clk 00:05:56]} {[%emt
00:00:12]} 43. e5 {[%clk 00:01:26]} {[%emt 00:00:16]} fxe5 {[%clk 00:06:06]}
{[%emt 00:00:20]} 44. fxe5 {[%emt 00:01:58]} Bg6 {[%clk 00:04:18]} {[%emt
00:00:21]} 45. Be2 {[%clk 00:02:19]} {[%emt 00:00:06]} Rf8+ {[%clk 00:04:37]}
{[%emt 00:00:11]} 46. Kg1 {[%clk 00:02:42]} {[%emt 00:00:07]} Ra8 {[%emt
00:00:47]} 47. Bc4+ {[%clk 00:02:54]} {[%emt 00:00:12]} Kh7 {[%clk 00:04:42]}
{[%emt 00:00:14]} 48. e6 {[%clk 00:03:10]} {[%emt 00:00:15]} Ra3 {[%emt
00:01:18]} 49. Nd7 {[%clk 00:02:31]} {[%emt 00:00:11]} Rxg3+ {[%clk 00:04:51]}
{[%emt 00:00:30]} 50. Kh2 {[%clk 00:02:56]} {[%emt 00:00:05]} Rf3 {[%clk
00:04:35]} {[%emt 00:00:46]} 51. e7 {[%clk 00:03:18]} {[%emt 00:00:08]} Bh5
{[%clk 00:03:11]} {[%emt 00:01:55]} 52. Nf8+ {[%clk 00:03:09]} {[%emt
00:00:39]} Kh8 {[%emt 00:02:58]} 53. Rf1 {[%clk 00:00:54]} {[%emt 00:00:03]}
Rxf1 {[%clk 00:03:37]} {[%emt 00:00:17]} 54. Bxf1 {[%clk 00:01:22]} {[%emt
00:00:02]} Nc6 {[%clk 00:03:48]} {[%emt 00:00:19]} 55. e8=Q {[%clk 00:01:16]}
{[%emt 00:00:36]} Bxe8 {[%clk 00:04:11]} {[%emt 00:00:08]} 56. Nxe8 {[%emt
00:01:08]} g5 {[%clk 00:02:50]} {[%emt 00:00:45]} 57. Ng6+ {[%clk 00:01:57]}
{[%emt 00:00:16]} Kg8 {[%clk 00:02:53]} {[%emt 00:00:28]} 58. Bc4+ {[%clk
00:02:23]} {[%emt 00:00:05]} Kh7 {[%clk 00:03:02]} {[%emt 00:00:21]} 59. Bd3
{[%clk 00:02:49]} {[%emt 00:00:04]} N2d4 {[%clk 00:02:45]} {[%emt 00:00:47]} 60.
Be4 {[%clk 00:03:13]} {[%emt 00:00:06]} Kg8 {[%emt 00:01:11]} 61. Bd5+ {[%clk
00:02:49]} {[%emt 00:00:08]} Kh7 {[%clk 00:03:09]} {[%emt 00:00:10]} 62. Nf8+
{[%clk 00:02:56]} {[%emt 00:00:24]} Kh8 {[%emt 00:00:41]} 63. Nd7 {[%clk
00:02:52]} {[%emt 00:00:07]} Ne7 {[%clk 00:03:38]} {[%emt 00:00:17]} 64. Be4
{[%emt 00:00:24]} Ne6 {[%clk 00:03:46]} {[%emt 00:00:18]} 65. Ne5 {[%emt
00:00:31]} Nd8 {[%emt 00:00:16]} 66. Kg3 {[%emt 00:00:58]} Ne6 {[%emt
00:00:10]} 67. Kg4 {[%clk 00:03:33]} {[%emt 00:00:24]} Kg8 {[%emt 00:01:36]} 68.
Nd7 {[%emt 00:01:14]} Kf7 {[%clk 00:02:08]} {[%emt 00:00:14]} 69. Nd6+ {[%clk
00:03:43]} {[%emt 00:00:06]} Kg7 {[%clk 00:02:14]} {[%emt 00:00:23]} 70. Ne5
{[%emt 00:00:20]} Ng8 {[%emt 00:01:01]} 71. Nf5+ {[%emt 00:00:30]} Kf8 {[%emt
00:00:24]} 72. Nd7+ {[%emt 00:01:11]} Kf7 {[%clk 00:01:46]} {[%emt 00:00:09]}
73. Bd5 {[%emt 00:00:58]} Nf6+ {[%emt 00:00:07]} 74. Nxf6 {[%clk 00:04:11]}
{[%emt 00:00:03]} Kxf6 {[%clk 00:01:59]} {[%emt 00:00:05]} 75. Bxe6 {[%clk
00:04:33]} {[%emt 00:00:08]} 1-0

[Event "XXIII OPEN INTERNACIONAL ESCACS DE TORREDEMBARRA"]
[Site "Torredembarra"]
[Date "2023.07.07"]
[Round "7.5"]
[White "Pogorelov, Ruslan"]
[Black "Szakmary, Domonkos"]
[Result "1/2-1/2"]
[TimeControl "90'+30\""]
[WhiteTitle "GM"]
[WhiteFideId "14100363"]
[BlackFideId "17004039"]
[WhiteElo "2282"]
[BlackElo "2087"]

1. Nf3 {[%emt 00:00:05]} d5 {[%emt 00:00:12]} 2. d4 {[%emt 00:00:05]} c6 {[%emt
00:00:06]} 3. c4 {[%emt 00:00:35]} e6 {[%emt 00:00:04]} 4. Nc3 {[%emt
00:00:22]} dxc4 {[%emt 00:00:17]} 5. e3 {[%emt 00:00:54]} b5 {[%emt 00:00:13]}
6. a4 {[%emt 00:00:08]} Bb4 {[%emt 00:00:04]} 7. Bd2 {[%emt 00:00:13]} a5
{[%emt 00:00:06]} 8. axb5 {[%emt 00:00:28]} Bxc3 {[%emt 00:00:03]} 9. Bxc3
{[%emt 00:00:17]} cxb5 {[%emt 00:00:04]} 10. b3 {[%emt 00:00:48]} Bb7 {[%emt
00:00:05]} 11. bxc4 {[%emt 00:00:08]} b4 {[%emt 00:00:09]} 12. Bb2 {[%emt
00:00:03]} Nf6 {[%emt 00:00:09]} 13. Bd3 {[%emt 00:00:22]} O-O {[%emt
00:00:04]} 14. O-O {[%emt 00:00:25]} Nbd7 {[%emt 00:04:53]} 15. Re1 {[%emt
00:01:37]} Be4 {[%emt 00:15:44]} 16. Bc2 {[%emt 00:03:28]} Qc7 {[%emt
00:01:14]} 17. c5 {[%emt 00:31:43]} Rfd8 {[%emt 00:00:43]} 18. Bxe4 {[%emt
00:01:05]} Nxe4 {[%emt 00:00:09]} 19. Qa4 {[%emt 00:05:06]} Rdc8 {[%emt
00:01:22]} 20. Rec1 {[%emt 00:03:52]} Qc6 {[%emt 00:00:10]} 21. Ne1 {[%emt
00:29:36]} Qxa4 {[%emt 00:01:16]} 22. Rxa4 {[%emt 00:01:05]} Ndxc5 {[%emt
00:00:44]} 23. dxc5 {[%emt 00:00:07]} Nxc5 {[%emt 00:00:11]} 24. Raa1 {[%emt
00:05:12]} Nb3 {[%emt 00:00:47]} 25. Rxc8+ {[%emt 00:00:43]} Rxc8 {[%emt
00:00:42]} 26. Ra2 {[%emt 00:01:51]} Rd8 {[%emt 00:03:03]} 27. Bd4 {[%emt
00:02:50]} Nxd4 {[%emt 00:00:16]} 28. exd4 {[%emt 00:00:50]} Rd5 {[%emt
00:07:55]} 29. Nf3 {[%emt 00:04:45]} b3 {[%emt 00:00:50]} 30. Ra3 {[%emt
00:02:28]} Rb5 {[%emt 00:00:12]} 31. Nd2 {[%emt 00:00:17]} b2 {[%emt 00:00:05]}
32. Nb1 {[%emt 00:01:23]} e5 {[%emt 00:11:07]} 33. Rc3 {[%emt 00:01:20]} Kf8
{[%emt 00:10:25]} 34. Kf1 {[%emt 00:01:38]} exd4 {[%emt 00:00:15]} 35. Rc8+
{[%emt 00:00:11]} Ke7 {[%emt 00:00:02]} 36. Ke2 {[%emt 00:01:23]} a4 {[%emt
00:16:02]} 37. Ra8 {[%emt 00:01:11]} Rc5 {[%emt 00:01:22]} 38. Rxa4 {[%emt
00:00:35]} Rc1 {[%emt 00:00:10]} 39. Nd2 {[%emt 00:00:39]} b1=Q {[%emt
00:00:18]} 40. Nxb1 {[%emt 00:00:12]} Rxb1 {[%emt 00:00:05]} 41. Rxd4 {[%emt
00:00:17]} Rb3 {[%emt 00:00:13]} 42. Ra4 {[%emt 00:00:13]} 1/2-1/2